Provincialismo contra Rubén Darío
में बचाया:
| मुख्य लेखक: | |
|---|---|
| स्वरूप: | पुस्तक |
| भाषा: | Undetermined |
| प्रकाशित: |
Managua, Nicaragua
Ministerio de Educación Pública
1966
|
| विषय: | |
| टैग: |
टैग जोड़ें
कोई टैग नहीं, इस रिकॉर्ड को टैग करने वाले पहले व्यक्ति बनें!
|
MARC
| LEADER | 00000nam a2200000Ia 4500 | ||
|---|---|---|---|
| 008 | 170316s9999 xx 000 0 und d | ||
| 040 | |a cru BVZT | ||
| 090 | |a 860 C-3p | ||
| 100 | |a Cabrales, Luis Alberto | ||
| 245 | |a Provincialismo contra Rubén Darío | ||
| 260 | |a Managua, Nicaragua | ||
| 260 | |b Ministerio de Educación Pública | ||
| 260 | |c 1966 | ||
| 300 | |a 87 páginas | ||
| 650 | |a LITERATURA LATINOAMERICANA |9 15 | ||
| 999 | |c 8530 |d 8530 | ||
| 942 | |c LIB |h 860 C-3p |2 z | ||
